Statistics for Math Formulas (7th grade+ )

Click here to take the quiz!

General Stats

  • This quiz has been taken 63 times
  • The average score is 5 of 15

Answer Stats

FormulaAnswer% Correct
x=(-b±√(b^2-4ac))/2aQuadratic Formula
69%
Side SquaredArea of a Square
65%
bh/2Area of a Triangle
55%
πr^2Area of a Circle
49%
a^2+b^2=c^2Pythagorean Theorem
47%
2πrCircumference of a Circle
44%
(4/3)(π)(r^3)Volume of a Sphere
40%
h(πr^2)Volume of a Cylinder
36%
((πr^2) x h)/3Volume of a Cone
27%
h(a+b/2)Area of a Trapezoid
24%
πabArea of an Ellipse
11%
2(1+√2)a^2Area of a Regular Octagon
5%
1/4√5(5+2√5)a^2Area of a Regular Pentagon
5%
(4/3)(π)(a)(b)(c)Volume of an Ellipsoid
4%
(3√3/2)a^2hVolume of a Regular Hexagonal Prism
2%

Score Distribution

Percentile by Number Answered

Percent of People with Each Score

Your Score History

You have not taken this quiz